[Event "2.BLS 0506 Stuttgarter SF - Bad Mergent"]
[Site "?"]
[Date "2005.11.27"]
[Round "3.2"]
[White "Vuckovic, Aleksandar"]
[Black "Karpatchev, Aleksandr"]
[Result "0-1"]
[WhiteElo "2365"]
[BlackElo "2507"]
[PlyCount "72"]
[EventDate "2005.??.??"]

1. e4 e5 2. Nf3 Nc6 3. d4 exd4 4. Nxd4 Bc5 5. Nb3 Bb6 6. Nc3 d6 7. a4 a6 8. Nd5
Ba7 9. Qf3 Be6 10. Be3 Bxe3 11. Qxe3 Nf6 12. Bc4 O-O 13. O-O Re8 14. Qf3 Bxd5
15. exd5 Ne5 16. Qf4 Qd7 17. Nd2 Re7 18. Ra3 Rae8 19. h3 Ng6 20. Qf3 Ne4 21.
Nxe4 Rxe4 22. Qb3 Nf4 23. Bd3 R4e5 24. Qb4 Nxh3+ 25. Kh2 Rh5 26. Bxh7+ Rxh7 27.
gxh3 b6 28. Rg3 Re5 29. Re1 Rxd5 30. Qe4 Rhh5 31. c4 Rde5 32. Qa8+ Kh7 33. Reg1
g6 34. Qxa6 Qf5 35. R1g2 Qf4 36. Qb7 Rxh3+ 0-1

[Event "2.BLS 0506 Stuttgarter SF - Bad Mergent"]
[Site "?"]
[Date "2005.11.27"]
[Round "3.3"]
[White "Gasthofer, Alexander"]
[Black "Vujic, Branimir"]
[Result "1/2-1/2"]
[WhiteElo "2418"]
[BlackElo "2357"]
[PlyCount "27"]
[EventDate "2005.??.??"]

1. Nf3 d5 2. g3 Nf6 3. Bg2 e6 4. O-O Be7 5. d4 O-O 6. c4 dxc4 7. Qc2 a6 8. a4
b6 9. Qxc4 Bb7 10. Bf4 c5 11. Nc3 Nc6 12. Rfd1 Na5 13. Qd3 Qc8 14. Qc2 {(=)}
1/2-1/2

[Event "2.BLS 0506 Stuttgarter SF - Bad Mergent"]
[Site "?"]
[Date "2005.11.27"]
[Round "3.4"]
[White "Reuss, Andreas"]
[Black "Gasthofer, Viktor"]
[Result "1/2-1/2"]
[WhiteElo "2339"]
[BlackElo "2330"]
[PlyCount "38"]
[EventDate "2005.??.??"]

1. d4 e6 2. Nf3 d5 3. Bg5 Be7 4. Bxe7 Qxe7 5. c3 Nd7 6. Nbd2 Ngf6 7. Ne5 Nxe5
8. dxe5 Nd7 9. f4 f6 10. Nf3 fxe5 11. fxe5 O-O 12. g3 Nc5 13. Bg2 Bd7 14. O-O
Ne4 15. Qd3 c5 16. Nd2 Nxd2 17. Qxd2 Rxf1+ 18. Rxf1 Bc6 19. Qf4 Rf8 1/2-1/2

[Event "2.BLS 0506 Stuttgarter SF - Bad Mergent"]
[Site "?"]
[Date "2005.11.27"]
[Round "3.5"]
[White "Bogdanovich, Grigory"]
[Black "Heinatz, Thomas"]
[Result "1-0"]
[WhiteElo "2349"]
[BlackElo "2295"]
[PlyCount "89"]
[EventDate "2005.??.??"]

1. d4 Nf6 2. Nf3 g6 3. c4 Bg7 4. Nc3 d5 5. e3 O-O 6. b4 b6 7. Ba3 Bb7 8. Rc1
Nbd7 9. c5 c6 10. Qb3 Re8 11. Be2 e5 12. dxe5 Nxe5 13. Nxe5 Rxe5 14. O-O Nd7
15. Rfd1 Rb8 16. Nxd5 bxc5 17. Nf4 cxb4 18. Qxb4 Qe8 19. Qd2 Nb6 20. Bd6 Rd8
21. Qc2 Ra5 22. Bb4 Re5 23. Rxd8 Qxd8 24. Bf3 c5 25. Bc3 Re7 26. Bxb7 Rxb7 27.
Bxg7 Kxg7 28. Qxc5 Rd7 29. g3 h5 30. h4 Qf6 31. Kg2 Rd2 32. Rc2 Rd1 33. e4 Rd7
34. e5 Qf5 35. e6 fxe6 36. Qxf5 exf5 37. Rc6 Nd5 38. Rxg6+ Kf7 39. Rh6 Nf6 40.
Nxh5 Nxh5 41. Rxh5 Kg6 42. Rg5+ Kf6 43. g4 fxg4 44. Rxg4 Kf5 45. Ra4 1-0

[Event "2.BLS 0506 Stuttgarter SF - Bad Mergent"]
[Site "?"]
[Date "2005.11.27"]
[Round "3.6"]
[White "Lorscheid, Gerhard"]
[Black "Hauke, Christian"]
[Result "1/2-1/2"]
[WhiteElo "2262"]
[BlackElo "2267"]
[PlyCount "30"]
[EventDate "2005.??.??"]

1. e4 d6 2. d4 g6 3. Nc3 c6 4. Be3 Bg7 5. h3 Nd7 6. a4 Ngf6 7. Nf3 O-O 8. a5 e5
9. dxe5 dxe5 10. Qd6 Re8 11. Bc4 Bf8 12. Qd3 a6 13. O-O Qe7 14. Na4 Nh5 15.
Rfe1 Qf6 1/2-1/2

[Event "2.BLS 0506 Stuttgarter SF - Bad Mergent"]
[Site "?"]
[Date "2005.11.27"]
[Round "3.7"]
[White "Kluss, Kai"]
[Black "Fritsch, Rolf"]
[Result "1/2-1/2"]
[WhiteElo "2192"]
[BlackElo "2220"]
[PlyCount "114"]
[EventDate "2005.??.??"]

1. d4 g6 2. c4 Bg7 3. Nc3 d6 4. e4 e5 5. dxe5 dxe5 6. Qxd8+ Kxd8 7. Nf3 f6 8.
Be2 Be6 9. O-O Nd7 10. Rd1 a5 11. Be3 Kc8 12. Rac1 Bh6 13. Bxh6 Nxh6 14. Na4
Rd8 15. b3 Nf7 16. c5 Nb8 17. Bb5 Rxd1+ 18. Rxd1 Nd8 19. Nd2 Nbc6 20. Bc4 Bxc4
21. Nxc4 Ra6 22. Ne3 Nd4 23. Nd5 Re6 24. Kf1 f5 25. Nb2 N8c6 26. exf5 gxf5 27.
Rd3 Rh6 28. h3 Rg6 29. Nc4 Ne6 30. Rc3 e4 31. Nce3 f4 32. Ng4 Rg5 33. Ndf6 Nxc5
34. Nxh7 Rf5 35. Nhf6 Nb4 36. a3 Nbd3 37. Nxe4 Nxe4 38. Rxd3 Rb5 39. Rd4 Nc5
40. b4 axb4 41. axb4 f3 42. gxf3 Na6 43. f4 Rxb4 44. Rxb4 Nxb4 45. Ke2 Nd5 46.
Kf3 b5 47. Ne5 b4 48. Ke4 b3 49. Nc4 c6 50. h4 Kd7 51. Ke5 Ke7 52. h5 Nf6 53.
h6 Ng4+ 54. Kd4 Nxh6 55. Kc3 Ng4 56. Ne5 Nxf2 57. Nxc6+ Kf6 1/2-1/2

[Event "2.BLS 0506 Stuttgarter SF - Bad Mergent"]
[Site "?"]
[Date "2005.11.27"]
[Round "3.8"]
[White "Gabriel, Robert J"]
[Black "Pfleger, Michael"]
[Result "0-1"]
[WhiteElo "2227"]
[BlackElo "2217"]
[PlyCount "148"]
[EventDate "2005.??.??"]

1. d4 c5 2. e3 Nf6 3. Nf3 e6 4. c4 cxd4 5. exd4 Bb4+ 6. Bd2 Nc6 7. Bxb4 Nxb4 8.
a3 Nc6 9. Nc3 d5 10. c5 O-O 11. Bb5 Bd7 12. O-O Ne4 13. Qc2 Nxc3 14. Qxc3 Qe8
15. Bxc6 Bxc6 16. Rfe1 a5 17. Re3 Bd7 18. Rae1 f6 19. Nd2 Qf7 20. f4 a4 21. f5
e5 22. dxe5 Bxf5 23. Rf1 Qd7 24. exf6 Rxf6 25. Qd4 Raf8 26. Re5 Be6 27. Rxf6
Rxf6 28. Nf3 h6 29. Re1 Qb5 30. Ne5 Qa5 31. Nd3 Bf7 32. Nb4 Qd8 33. Re5 Re6 34.
Qxd5 Qxd5 35. Rxd5 Re1+ 36. Kf2 Bxd5 37. Kxe1 Bxg2 38. Kf2 Bh1 39. Ke3 Kf7 40.
Nd3 Ke6 41. Kd4 g5 42. Nf2 Bc6 43. Nd3 h5 44. Nf2 Kf5 45. Ke3 Ke5 46. Nh3 Kf5
47. Ng1 g4 48. Ne2 h4 49. Nf4 Kg5 50. Ne6+ Kf6 51. Nf4 Kf5 52. Ne2 Kg5 53. Nf4
g3 54. hxg3 hxg3 55. Ne2 Kg4 56. Ng1 g2 57. Kf2 Kh4 58. Ne2 Kh3 59. Kg1 Bf3 60.
Nc3 Bc6 61. Nd1 Kg3 62. Ne3 Be4 63. Nc4 Bf3 64. Ne3 Bc6 65. Nf5+ Kf4 66. Nh4
Ke3 67. Nxg2+ Kd2 68. Nf4 Kc2 69. Kf2 Kxb2 70. Ke3 Kxa3 71. Kd4 Kb3 72. Nd3 a3
73. Nc1+ Kb2 74. Nd3+ Kb1 0-1

[Event "2.BLS 0506 Bayern München - OSC Baden B"]
[Site "?"]
[Date "2005.11.27"]
[Round "3.1"]
[White "Schenk, Andreas"]
[Black "Marcelin, Cyril"]
[Result "1/2-1/2"]
[WhiteElo "2497"]
[BlackElo "2463"]
[PlyCount "120"]
[EventDate "2005.??.??"]

1. d4 d5 2. c4 c6 3. Nf3 Nf6 4. e3 Bf5 5. Nc3 e6 6. Nh4 Bg6 7. Be2 Nbd7 8. Qb3
Qc7 9. Nxg6 hxg6 10. h3 Nb6 11. cxd5 exd5 12. Bd2 Be7 13. Qc2 Nc8 14. Bd3 Nd6
15. f3 c5 16. Qa4+ Kf8 17. dxc5 Qxc5 18. Rc1 Qb6 19. Qb3 Qxb3 20. axb3 Kg8 21.
O-O Rd8 22. Rfd1 Kh7 23. Be1 a6 24. Rc2 Rhe8 25. Bf2 Kg8 26. Bf1 Nc8 27. Rcd2
Bb4 28. e4 Ne7 29. Rd3 Bxc3 30. bxc3 Rc8 31. exd5 Nexd5 32. c4 Nf4 33. Rd6 Ne6
34. Rb6 Red8 35. Rxd8+ Nxd8 36. Rd6 Nc6 37. Bb6 Kf8 38. Be2 Ke7 39. Bc5 Ke8 40.
Ba3 Rd8 41. Kf2 Rxd6 42. Bxd6 Nd4 43. Bd1 b5 44. cxb5 Nxb5 45. Be5 Ke7 46. Be2
g5 47. Bxb5 axb5 48. Ke3 Nd5+ 49. Kd4 Ke6 50. g4 Ne7 51. Bg3 f5 52. f4 gxf4 53.
Bxf4 fxg4 54. hxg4 Nc6+ 55. Kc5 g5 56. Bxg5 Ne5 57. Kxb5 Nxg4 58. Bf4 Kd5 59.
Ka6 Nf2 60. b4 Nd3 1/2-1/2

[Event "2.BLS 0506 Bayern München - OSC Baden B"]
[Site "?"]
[Date "2005.11.27"]
[Round "3.2"]
[White "Heinzel, Olaf"]
[Black "Netzer, Jean"]
[Result "1/2-1/2"]
[WhiteElo "2401"]
[BlackElo "2362"]
[PlyCount "94"]
[EventDate "2005.??.??"]

1. d4 d6 2. Bf4 g6 3. h3 Bg7 4. Nf3 c5 5. e3 Nc6 6. c3 cxd4 7. exd4 d5 8. Be2
Nf6 9. O-O O-O 10. Nbd2 Kh8 11. Re1 Qb6 12. Qb3 Qd8 13. Bf1 b6 14. a4 a6 15.
Ne5 Bb7 16. a5 b5 17. Qa3 Ng8 18. Nb3 Nxe5 19. Bxe5 f6 20. Bg3 e5 21. dxe5 fxe5
22. Nc5 Bc8 23. Rad1 Qd6 24. Qb4 Re8 25. Nd3 Qb8 26. Qc5 Bb7 27. Nb4 Nf6 28.
Bh4 Ne4 29. Qb6 g5 30. Rxe4 dxe4 31. Bxg5 Qc8 32. Be2 Qf5 33. Bh4 Rab8 34. Nxa6
Bxa6 35. Qxa6 e3 36. fxe3 Qe4 37. Bf2 Qc2 38. Bg4 Rf8 39. Bg3 Qxb2 40. Qc6 Rbe8
41. e4 Qc2 42. a6 b4 43. Rd7 Qc1+ 44. Kh2 Qxc3 45. Qxc3 bxc3 46. Rc7 Ra8 47.
Rxc3 Rxa6 {(=)} 1/2-1/2

[Event "2.BLS 0506 Bayern München - OSC Baden B"]
[Site "?"]
[Date "2005.11.27"]
[Round "3.3"]
[White "Mutschnik, Illya"]
[Black "Renner, Christoph"]
[Result "0-1"]
[WhiteElo "2414"]
[BlackElo "2447"]
[PlyCount "142"]
[EventDate "2005.??.??"]

1. e4 e6 2. d3 c5 3. Nf3 Nc6 4. g3 g6 5. Bg5 Qc7 6. Nc3 Bg7 7. Qd2 a6 8. Bg2 d6
9. O-O h6 10. Be3 Nf6 11. h3 b5 12. e5 dxe5 13. Bxc5 Nd7 14. Be3 Bb7 15. d4
exd4 16. Nxd4 Nxd4 17. Bxd4 Ne5 18. Bxb7 Qxb7 19. f4 Nc4 20. Qf2 Bxd4 21. Qxd4
O-O 22. Ne4 Rfd8 23. Nf6+ Kh8 24. Qc3 Qa7+ 25. Rf2 Qd4 26. Qxd4 Rxd4 27. b3 Nd6
28. Ng4 Nf5 29. Kg2 Rc8 30. Ne5 Kg7 31. Kf3 Rd5 32. c4 bxc4 33. bxc4 Ra5 34.
Rd1 Ra3+ 35. Rd3 Rxd3+ 36. Nxd3 Rxc4 37. g4 Rc3 38. Ke4 Nd6+ 39. Kd4 Nb5+ 40.
Ke4 Ra3 41. Rc2 Nc3+ 42. Kd4 Nd5 43. Rf2 Ra4+ 44. Ke5 Nc3 45. Rf3 Rxa2 46. f5
exf5 47. gxf5 Re2+ 48. Kd4 Nb5+ 49. Kc5 g5 50. f6+ Kg6 51. Kd5 Nc7+ 52. Kd4
Ne6+ 53. Kd5 Nf4+ 54. Rxf4 Re3 55. Rd4 Rxh3 56. Nf2 Rf3 57. Ne4 h5 58. Rc4 h4
59. Rc8 Kf5 60. Kd4 g4 61. Rc5+ Kf4 62. Ng5 h3 63. Nxf3 Kxf3 64. Ke5 h2 65.
Rc3+ Kg2 66. Rc2+ Kh3 67. Rc1 g3 68. Kf4 a5 69. Kg5 a4 70. Kh6 g2 71. Rc3+ Kg4
0-1

[Event "2.BLS 0506 Bayern München - OSC Baden B"]
[Site "?"]
[Date "2005.11.27"]
[Round "3.4"]
[White "Meissner, Bernd-Guenther"]
[Black "Nill, Jessica"]
[Result "1-0"]
[WhiteElo "2357"]
[BlackElo "2339"]
[PlyCount "89"]
[EventDate "2005.??.??"]

1. d4 d5 2. Nf3 c6 3. c4 Nf6 4. Nc3 a6 5. c5 Nbd7 6. Bf4 Nh5 7. e3 Nxf4 8. exf4
g6 9. Bd3 Bg7 10. O-O O-O 11. Qc2 e6 12. b4 Re8 13. Rfe1 a5 14. b5 Qf6 15. Ne2
cxb5 16. Bxb5 Rd8 17. Rab1 Nb8 18. Ne5 Qe7 19. Nc3 Na6 20. Na4 Nb4 21. Qd2 f6
22. Nf3 Qc7 23. Nb6 Ra7 24. g3 Nc6 25. Re3 Ne7 26. Nxc8 Qxc8 27. Qe2 e5 28.
fxe5 fxe5 29. Nxe5 Nf5 30. Rd3 Qe6 31. Re1 Raa8 32. Nf3 Qxe2 33. Rxe2 b6 34. g4
Nh6 35. h3 bxc5 36. dxc5 Rac8 37. c6 Nf7 38. Re7 Rd6 39. Rde3 Bf8 40. Re8 Rc7
41. Nd4 Ng5 42. h4 Ne4 43. Rf3 Nf6 44. Re6 Ne4 45. Rxf8+ 1-0

[Event "2.BLS 0506 Bayern München - OSC Baden B"]
[Site "?"]
[Date "2005.11.27"]
[Round "3.5"]
[White "Reefschlaeger, Helmut"]
[Black "Rodewis, Thomas Dr"]
[Result "0-1"]
[WhiteElo "2314"]
[BlackElo "2377"]
[PlyCount "92"]
[EventDate "2005.??.??"]

1. d4 Nf6 2. Nf3 e6 3. e3 b6 4. Bd3 c5 5. O-O Be7 6. b3 Nc6 7. a3 O-O 8. Bb2
cxd4 9. exd4 Bb7 10. Nbd2 Rc8 11. Re1 Rc7 12. Rc1 d5 13. Re3 Ng4 14. Re1 Bh4
15. g3 Be7 16. Qe2 Nh6 17. Qf1 Nf5 18. b4 Bf6 19. Nb3 g6 20. Ne5 Nce7 21. b5
Nd6 22. a4 Re8 23. a5 Nef5 24. axb6 axb6 25. Rcd1 Bg7 26. Nd2 Qc8 27. Rc1 Bh6
28. f4 Bg7 29. g4 Ne7 30. Qe2 f6 31. Nef3 e5 32. fxe5 Qxg4+ 33. Qg2 Qxg2+ 34.
Kxg2 fxe5 35. Nxe5 Nef5 36. Nf1 Nc4 37. Ba1 Nxe5 38. dxe5 d4+ 39. Kh3 Bc8 40.
Kg2 Rxe5 41. Rxe5 Bxe5 42. Rb1 Nh4+ 43. Kg1 Bf5 44. Bxf5 gxf5 45. Rb3 Rxc2 46.
Bb2 f4 0-1

[Event "2.BLS 0506 Bayern München - OSC Baden B"]
[Site "?"]
[Date "2005.11.27"]
[Round "3.6"]
[White "Lentrodt, Thomas"]
[Black "Borulya, Ekaterina"]
[Result "1/2-1/2"]
[WhiteElo "2312"]
[BlackElo "2286"]
[PlyCount "94"]
[EventDate "2005.??.??"]

1. d4 c5 2. d5 g6 3. e4 Bg7 4. Nf3 d6 5. Be2 Nf6 6. Nc3 O-O 7. O-O Bg4 8. Nd2
Bxe2 9. Qxe2 Nbd7 10. a4 Ne8 11. Ra3 Nc7 12. Nb5 a6 13. Nxc7 Qxc7 14. a5 Rfe8
15. Nc4 e6 16. dxe6 Rxe6 17. Qd3 Ne5 18. Nxe5 Bxe5 19. Qd5 Qc6 20. Rd1 Rae8 21.
c3 Bg7 22. Be3 Bf8 23. Rb3 Rxe4 24. Qxc6 bxc6 25. Rb6 Ra8 26. g3 Ra4 27. Rxc6
Rxa5 28. Bf4 Rb5 29. Bxd6 Bxd6 30. Rdxd6 Rxb2 31. Rxc5 a5 32. Rcd5 Rbb8 33. Rd2
a4 34. Ra2 a3 35. Kg2 Rb3 36. c4 Rc3 37. c5 Rxc5 38. Rd3 Rca5 39. Re3 Kg7 40.
Kg1 Kf6 41. Kg2 g5 42. g4 Kg6 43. Rf3 R8a7 44. Rc3 R5a6 45. Rf3 h5 46. h3 Ra4
47. Kg3 hxg4 1/2-1/2

[Event "2.BLS 0506 Bayern München - OSC Baden B"]
[Site "?"]
[Date "2005.11.27"]
[Round "3.7"]
[White "Heinz, Timothee"]
[Black "Deglmann, Ludwig"]
[Result "1/2-1/2"]
[WhiteElo "2253"]
[BlackElo "2378"]
[PlyCount "30"]
[EventDate "2005.??.??"]

1. e4 e6 2. d4 d5 3. e5 c5 4. c3 Nc6 5. Nf3 Bd7 6. Be2 Nge7 7. Na3 cxd4 8. cxd4
Nf5 9. Nc2 Nb4 10. Nxb4 Bxb4+ 11. Bd2 Be7 12. a4 Rc8 13. O-O O-O 14. Qb3 Bc6
15. Rfc1 Qd7 {(=)} 1/2-1/2

[Event "2.BLS 0506 Bayern München - OSC Baden B"]
[Site "?"]
[Date "2005.11.27"]
[Round "3.8"]
[White "Unzicker, Ferdinand Dr"]
[Black "Konson, Konstantin"]
[Result "1-0"]
[WhiteElo "2256"]
[BlackElo "2245"]
[PlyCount "82"]
[EventDate "2005.??.??"]

1. c4 e5 2. g3 Nf6 3. Bg2 c6 4. d4 e4 5. Nc3 d5 6. Bg5 Be7 7. e3 Na6 8. Nge2 h6
9. Bxf6 Bxf6 10. Qb3 Nc7 11. cxd5 cxd5 12. Nf4 Be6 13. Qxb7 O-O 14. Qb3 Rb8 15.
Qc2 Bc8 16. O-O Ba6 17. Rfd1 g5 18. Nfe2 Bd3 19. Qd2 Ne6 20. f3 exf3 21. Bxf3
Bxe2 22. Qxe2 Nc7 23. Qg2 Re8 24. Re1 Qd6 25. Bxd5 Rxe3 26. Rxe3 Bxd4 27. Rae1
Re8 28. Qf3 Nxd5 29. Nxd5 Re5 30. Nf6+ Kg7 31. Ng4 Rb5 32. b3 Ra5 33. a4 Rc5
34. Kg2 Bxe3 35. Nxe3 Qd2+ 36. Re2 Qd3 37. Rf2 Qd7 38. Qf6+ Kg8 39. Nf5 Qd5+
40. Kh3 g4+ 41. Kh4 Qe5 1-0

[Event "2.BLS 0506 SK Viernheim - Stuttgarter S"]
[Site "?"]
[Date "2005.12.11"]
[Round "4.1"]
[White "Benkovic, Petar"]
[Black "Boguslavsky, Oleh"]
[Result "1/2-1/2"]
[WhiteElo "2433"]
[BlackElo "2386"]
[PlyCount "82"]
[EventDate "2005.??.??"]

1. Nf3 d5 2. d4 Nf6 3. c4 c6 4. Nbd2 Bf5 5. Nh4 Bg6 6. Qb3 Qc7 7. g3 Nbd7 8.
Bg2 e6 9. O-O Be7 10. Re1 O-O 11. Nxg6 hxg6 12. e4 dxe4 13. Nxe4 Nxe4 14. Bxe4
Nf6 15. Bf3 Rfd8 16. Be3 Rd7 17. Rad1 Rad8 18. a3 Qa5 19. Qc2 Ne8 20. Rd2 Nd6
21. Red1 Nf5 22. Qc3 Qb6 23. c5 Qc7 24. Bf4 Qc8 25. Be5 Bf6 26. h4 Bxe5 27.
dxe5 Qc7 28. Rxd7 Rxd7 29. Kg2 Rxd1 30. Bxd1 Qd7 31. Bf3 Kf8 32. Qa5 b6 33. Qb4
Ke7 34. h5 gxh5 35. Bxh5 Nd4 36. Bf3 Nxf3 37. Kxf3 Qd5+ 38. Kf4 g5+ 39. Kxg5
Qxe5+ 40. Kh4 Qh8+ 41. Kg4 f5+ {(=)} 1/2-1/2

[Event "2.BLS 0506 SK Viernheim - Stuttgarter S"]
[Site "?"]
[Date "2005.12.11"]
[Round "4.2"]
[White "Lazarev, Vladimir"]
[Black "Vujic, Branimir"]
[Result "1/2-1/2"]
[WhiteElo "2513"]
[BlackElo "2357"]
[PlyCount "125"]
[EventDate "2005.??.??"]

1. d4 d5 2. c4 e6 3. Nc3 Nf6 4. cxd5 exd5 5. Bg5 Be7 6. e3 O-O 7. Bd3 c6 8. Qc2
h6 9. Bh4 Re8 10. Nge2 a5 11. O-O Na6 12. a3 Nc7 13. f3 c5 14. b3 Bd7 15. a4
Rc8 16. Kh1 Ne6 17. dxc5 Rxc5 18. Rad1 Qc7 19. Qd2 Rc8 20. Bb5 g5 21. Bxd7 Qxd7
22. Bf2 Qc6 23. Nb5 Rc2 24. Qd3 Qa6 25. Ng3 Rb2 26. Nf5 Bf8 27. Bg3 Rcc2 28.
Nfd6 Ra2 29. Ra1 Rab2 30. Be5 Ra2 31. Rac1 Rxc1 32. Rxc1 Nd7 33. Qxd5 Nxe5 34.
Qxe5 Bxd6 35. Nxd6 Qe2 36. Rc8+ Nf8 37. Rxf8+ Kxf8 38. Qe8+ Kg7 39. Qxf7+ Kh8
40. Qf6+ Kg8 41. Qe6+ Kh7 42. Qd7+ Kg8 43. Qc8+ Kh7 44. Qxb7+ Kg8 45. Qc8+ Kh7
46. Qf5+ Kh8 47. Qf6+ Kh7 48. Qe7+ Kg8 49. Qe8+ Kh7 50. Qd7+ Kg8 51. Qe6+ Kh7
52. Qe4+ Kh8 53. Qa8+ Kh7 54. Qb7+ Kg8 55. Qd5+ Kh7 56. Qf7+ Kh8 57. Qe8+ Kh7
58. Qd7+ Kg8 59. Qe6+ Kh7 60. Qf5+ Kh8 61. Qf6+ Kh7 62. Qe7+ Kg8 63. Qf7+
1/2-1/2

[Event "2.BLS 0506 SK Viernheim - Stuttgarter S"]
[Site "?"]
[Date "2005.12.11"]
[Round "4.3"]
[White "Reuss, Andreas"]
[Black "Beikert, Guenther Dr"]
[Result "1/2-1/2"]
[WhiteElo "2339"]
[BlackElo "2428"]
[PlyCount "69"]
[EventDate "2005.??.??"]

1. e4 c6 2. Nc3 d5 3. Nf3 Bg4 4. h3 Bh5 5. exd5 cxd5 6. g4 Bg6 7. Bb5+ Nc6 8.
Ne5 Rc8 9. d3 f6 10. Nxg6 hxg6 11. d4 e6 12. Bf1 Bb4 13. Bg2 Qb6 14. a3 Bxc3+
15. bxc3 Na5 16. O-O Rxc3 17. Bd2 Rcxh3 18. Bxh3 Rxh3 19. Kg2 Rh4 20. Bxa5 Qxa5
21. f3 Qc7 22. Rh1 Rxh1 23. Kxh1 Ne7 24. Qe2 Kf7 25. Re1 Qd7 26. f4 Ng8 27. a4
Nh6 28. a5 f5 29. g5 Ng8 30. Rb1 Ne7 31. Qb5 Qc7 32. Qc5 Nc6 33. c4 Qxf4 34.
Rxb7+ Kg8 35. Qxc6 1/2-1/2

[Event "2.BLS 0506 SK Viernheim - Stuttgarter S"]
[Site "?"]
[Date "2005.12.11"]
[Round "4.4"]
[White "Mandel, Andreas"]
[Black "Lorscheid, Gerhard"]
[Result "1-0"]
[WhiteElo "2410"]
[BlackElo "2262"]
[PlyCount "107"]
[EventDate "2005.??.??"]

1. d4 d6 2. Nf3 Nf6 3. g3 g6 4. Bg2 Bg7 5. O-O O-O 6. c4 c6 7. Nc3 Qb6 8. h3
Qa6 9. Qd3 Be6 10. b3 d5 11. Ne5 dxc4 12. Nxc4 Rd8 13. e3 Nbd7 14. Ne5 Qa5 15.
Nxd7 Rxd7 16. Bd2 Rdd8 17. Nd5 Qb5 18. Qxb5 cxb5 19. Nc7 Rab8 20. Nxb5 Bf5 21.
Rfd1 Bc2 22. Rdc1 Bd3 23. Nc3 Rd7 24. Be1 Rc8 25. Nd5 Rcd8 26. Nxf6+ Bxf6 27.
f4 e6 28. Rc3 Ba6 29. Rac1 Be7 30. Bf1 Bb4 31. R3c2 Ba3 32. Rb1 Bxf1 33. Kxf1
Be7 34. Rc4 Kf8 35. Rbc1 h5 36. Ke2 Ba3 37. Bb4+ Bxb4 38. Rxb4 Ke7 39. Rbc4 f5
40. Rc7 Kd6 41. Rxd7+ Kxd7 42. Kd3 Rb8 43. h4 Kd6 44. e4 fxe4+ 45. Kxe4 b6 46.
b4 Rf8 47. b5 Kd7 48. a4 Rf5 49. Rc6 Rd5 50. Kd3 Rf5 51. Kc4 Rf8 52. d5 exd5+
53. Kxd5 Rg8 54. Rf6 1-0

[Event "2.BLS 0506 SK Viernheim - Stuttgarter S"]
[Site "?"]
[Date "2005.12.11"]
[Round "4.5"]
[White "Fritsch, Rolf"]
[Black "Carbonnel, Pierre"]
[Result "1-0"]
[WhiteElo "2220"]
[BlackElo "2275"]
[PlyCount "75"]
[EventDate "2005.??.??"]

1. d4 Nf6 2. c4 g6 3. Nc3 d5 4. Nf3 Bg7 5. g3 dxc4 6. Bg2 c6 7. a4 O-O 8. O-O
Na6 9. h3 c5 10. d5 Nb4 11. e4 e6 12. Bg5 h6 13. Bxf6 Bxf6 14. e5 Bg7 15. d6
Nd3 16. Qe2 f6 17. Ne4 Qb6 18. b3 fxe5 19. Nfd2 Nb4 20. a5 Qd8 21. Nxc4 Nc6 22.
Nxc5 Nd4 23. Qe4 Rb8 24. Qxg6 b5 25. axb6 axb6 26. Ra7 Qf6 27. Qxf6 Bxf6 28.
Ne4 Bd8 29. Nxe5 Nxb3 30. Nc6 Rb7 31. Ra3 Na5 32. Nxd8 Rxd8 33. Nf6+ Kg7 34.
Nh5+ Kf7 35. Bxb7 Bxb7 36. Rc1 Rxd6 37. Rxa5 Bf3 38. Ra7+ 1-0

[Event "2.BLS 0506 SK Viernheim - Stuttgarter S"]
[Site "?"]
[Date "2005.12.11"]
[Round "4.6"]
[White "Schmidt, Stefan"]
[Black "Migl, Dieter"]
[Result "0-1"]
[WhiteElo "2234"]
[BlackElo "2213"]
[PlyCount "78"]
[EventDate "2005.??.??"]

1. e4 c5 2. b3 e6 3. Bb2 a6 4. g3 d6 5. Bg2 Nf6 6. Ne2 Be7 7. O-O O-O 8. f4 Nc6
9. Na3 Qc7 10. Nc4 d5 11. exd5 exd5 12. Ne5 Bf5 13. d3 Rad8 14. h3 d4 15. Nxc6
bxc6 16. Bc1 h5 17. Bd2 Rfe8 18. Qe1 Bd6 19. Qf2 Qd7 20. Kh2 Nd5 21. Rae1 Re6
22. Ng1 Rde8 23. Nf3 Ne3 24. Bxe3 Rxe3 25. Rxe3 Rxe3 26. Re1 Qe7 27. Rxe3 dxe3
28. Qe2 Bd7 29. c3 g6 30. d4 cxd4 31. cxd4 c5 32. dxc5 Bxc5 33. Qxa6 e2 34.
Qa8+ Kg7 35. Qd5 Qe6 36. Qe5+ Qxe5 37. fxe5 Bb4 38. Kg1 Bc6 39. Kf2 Bxf3 0-1

[Event "2.BLS 0506 SK Viernheim - Stuttgarter S"]
[Site "?"]
[Date "2005.12.11"]
[Round "4.7"]
[White "Haas, Wilhelm"]
[Black "Klee, Helmut"]
[Result "1-0"]
[WhiteElo "2178"]
[BlackElo "2240"]
[PlyCount "47"]
[EventDate "2005.??.??"]

1. d4 Nf6 2. c4 g6 3. Nc3 Bg7 4. e4 d6 5. f3 O-O 6. Be3 b6 7. Qd2 c5 8. d5 e6
9. Bd3 exd5 10. cxd5 Nbd7 11. Nh3 Ne5 12. Nf2 Nxd3+ 13. Qxd3 Bd7 14. O-O Re8
15. a4 a6 16. g4 Qc7 17. g5 Nh5 18. Ng4 f5 19. gxf6 Nxf6 20. Nh6+ Kh8 21. Bg5
Bh3 22. Rfe1 Qd7 23. f4 Ng8 24. Qxh3 1-0

[Event "2.BLS 0506 SK Viernheim - Stuttgarter S"]
[Site "?"]
[Date "2005.12.11"]
[Round "4.8"]
[White "Spiegel, Stefan Dr"]
[Black "Gabriel, Josef"]
[Result "1-0"]
[WhiteElo "2240"]
[BlackElo "2187"]
[PlyCount "145"]
[EventDate "2005.??.??"]

1. e4 e5 2. Nf3 d6 3. d4 Nd7 4. Nc3 c6 5. a4 Be7 6. g3 Ngf6 7. Bg2 O-O 8. O-O
Re8 9. h3 Qc7 10. Be3 Nf8 11. a5 Bd7 12. Qe2 Ne6 13. d5 cxd5 14. exd5 Nc5 15.
Nd2 Bf5 16. Nc4 Bf8 17. g4 Bg6 18. Bg5 Ncd7 19. Nb5 Qb8 20. Rfe1 Rc8 21. Nba3
b5 22. axb6 axb6 23. Nb5 Rxa1 24. Rxa1 Rc5 25. Ne3 Ne4 26. Bh4 h6 27. c4 Ndf6
28. Na7 Ra5 29. Rxa5 bxa5 30. Nb5 Qb6 31. Kh2 Nd7 32. Bxe4 Bxe4 33. f3 Bg6 34.
Bf2 Qd8 35. Ng2 Be7 36. Be3 f5 37. Na7 fxg4 38. hxg4 Bg5 39. Nc6 Qf6 40. Nxa5
h5 41. Bxg5 Qxg5 42. Qe3 Qf6 43. g5 Qf5 44. Nc6 Qf8 45. b4 Kh7 46. Kg3 Bc2 47.
Nh4 g6 48. Ng2 Qf5 49. Nh4 Qf7 50. Nd8 Qe7 51. Ne6 Nf8 52. Nxf8+ Qxf8 53. Ng2
Qf7 54. Ne1 Bb1 55. Ng2 Ba2 56. Qe2 Bb3 57. Qd3 Ba2 58. Qc2 Qa7 59. Kh2 Qa3 60.
Nh4 e4 61. Qxe4 Qb2+ 62. Kg3 Qxb4 63. Qxg6+ Kh8 64. Qf6+ Kg8 65. g6 Qe1+ 66.
Kh2 Qf2+ 67. Ng2 Qa7 68. Qxd6 Bxc4 69. Qf6 Qd7 70. d6 Be6 71. Nf4 Bc4 72. Nxh5
Be6 73. Qe7 1-0

[Event "2.BLS 0506 SC Bann - OSC Baden Baden"]
[Site "?"]
[Date "2005.12.11"]
[Round "4.1"]
[White "Schenk, Andreas"]
[Black "Stocek, Jiri"]
[Result "1/2-1/2"]
[WhiteElo "2497"]
[BlackElo "2580"]
[PlyCount "69"]
[EventDate "2005.??.??"]

1. d4 Nf6 2. c4 e6 3. Nc3 Bb4 4. Qc2 O-O 5. a3 Bxc3+ 6. Qxc3 b6 7. Bg5 Bb7 8.
f3 h6 9. Bh4 d5 10. e3 Re8 11. cxd5 exd5 12. Bf2 c5 13. Bb5 cxd4 14. Qxd4 Bc6
15. Bd3 Nbd7 16. Ne2 Nc5 17. Rd1 Ba4 18. Rd2 Rc8 19. Bf5 Bd7 20. Bc2 Ne6 21.
Qd3 a6 22. Bd1 Bb5 23. Qb1 Qe7 24. O-O Nc5 25. Bc2 Ncd7 26. Re1 Ne5 27. Nd4 Nc4
28. Rdd1 Bd7 29. Bd3 a5 30. Qa2 Qd6 31. Bf1 Qf8 32. Ra1 Rc7 33. Rac1 Rec8 34.
Bg3 Rc5 35. Bf2 {(=)} 1/2-1/2

[Event "2.BLS 0506 SC Bann - OSC Baden Baden"]
[Site "?"]
[Date "2005.12.11"]
[Round "4.2"]
[White "Bunzmann, Dimitri"]
[Black "Kachiani-Gersinska, Ketino"]
[Result "1-0"]
[WhiteElo "2537"]
[BlackElo "2421"]
[PlyCount "127"]
[EventDate "2005.??.??"]

1. c4 Nf6 2. Nc3 g6 3. d4 Bg7 4. e4 d6 5. Nf3 O-O 6. Be2 e5 7. O-O Na6 8. Re1
Qe8 9. Bf1 Bg4 10. d5 Nb4 11. Be2 a5 12. Rb1 Na6 13. Be3 Kh8 14. b3 b6 15. a3
Nc5 16. Nd2 Bxe2 17. Qxe2 Ng8 18. b4 Nb7 19. c5 bxc5 20. bxc5 Nxc5 21. Bxc5
dxc5 22. Qc4 Qe7 23. Rb5 Rfc8 24. Nb3 c6 25. dxc6 Rxc6 26. Nxa5 Rca6 27. Nd5
Qd8 28. Nb7 Qf8 29. Nc7 Ra4 30. Qxc5 R8a7 31. Nd6 Rxa3 32. Rbb1 R3a5 33. Qb6 h5
34. Ndb5 Ra8 35. Nxa8 Rxa8 36. Nd6 Nh6 37. Qc7 Kg8 38. h3 Bf6 39. Qc6 Kg7 40.
Rb7 Rd8 41. Rd7 Rxd7 42. Qxd7 Bg5 43. Rd1 h4 44. Qc7 Qa8 45. Qc5 Bf4 46. Qc3
Qa4 47. Rd5 Ng8 48. g3 hxg3 49. fxg3 Qa7+ 50. Kf1 Qa6+ 51. Ke1 Bg5 52. Qxe5+ f6
53. Qc3 Ne7 54. Qc7 f5 55. Qc3+ Kh7 56. Ne8 Bh6 57. Nf6+ Kg7 58. Rd7 Kf7 59.
Rxe7+ Kxe7 60. Ng8+ Kf8 61. Nxh6 Qe6 62. Qh8+ Ke7 63. Qg7+ Kd6 64. Nf7+ 1-0